| 000 -LEADER |
| fixed length control field |
00430cam a22001337a 4500 |
| 008 - FIXED-LENGTH DATA ELEMENTS--GENERAL INFORMATION |
| fixed length control field |
180718b1990 xxu||||| |||| 00| 0 eng d |
| 082 ## - DEWEY DECIMAL CLASSIFICATION NUMBER |
| Classification number |
O91x54 P274 |
| 245 ## - TITLE STATEMENT |
| Title |
Environmental impacts of industry and mining activities |
| Statement of responsibility, etc. |
edited by L.N. Patnaik |
| 260 ## - PUBLICATION, DISTRIBUTION, ETC. |
| Place of publication, distribution, etc. |
Delhi |
| Name of publisher, distributor, etc. |
Ashish |
| Date of publication, distribution, etc. |
1990 |
| 300 ## - PHYSICAL DESCRIPTION |
| Extent |
293p. |
| 650 ## - SUBJECT ADDED ENTRY--TOPICAL TERM |
| Topical term or geographic name entry element |
Environment - India |
| 700 ## - ADDED ENTRY--PERSONAL NAME |
| Personal name |
State Prevention and Control of Pollution Board , Orissa |
| 700 ## - ADDED ENTRY--PERSONAL NAME |
| Personal name |
Patnaik, L.N. |